| 000 | 00542nam a22002057a 4500 | ||
|---|---|---|---|
| 001 | 00931 | ||
| 003 | KOHA_MİRAKIL | ||
| 005 | 20240914231541.0 | ||
| 008 | 240915b tu ||||| |||| 00| 0 tur d | ||
| 020 | _a9786257706407 | ||
| 040 |
_aTR-AnABB _btur _cTR-AnABB |
||
| 041 | _atur | ||
| 082 |
_a813.42 _bPOL 2021 |
||
| 100 | _aPolat, Sultan | ||
| 245 | 0 |
_aAltın kubbenin esrarı / _cSultan Polat. |
|
| 260 |
_aİstanbul : _bKapı Yayınları, _c2021. |
||
| 300 |
_a326 sayfa ; _c20 cm. |
||
| 650 | _aTürk edebiyatı, roman | ||
| 942 |
_2ddc _cBK |
||
| 999 |
_c942 _d942 |
||